UM Logo

Public relations and media/ (Record no. 5816)

MARC details
000 -LEADER
fixed length control field 00501nam a22001577a 4500
008 - FIXED-LENGTH DATA ELEMENTS--GENERAL INFORMATION
fixed length control field 161121b xxu||||| |||| 00| 0 eng d
020 ## - INTERNATIONAL STANDARD BOOK NUMBER
International Standard Book Number 978-93-5111-490-1
082 ## - DEWEY DECIMAL CLASSIFICATION NUMBER
Edition number 2015
Classification number DC 659.2
Item number G95
100 ## - MAIN ENTRY--PERSONAL NAME
9 (RLIN) 17705
Personal name Gupta, Ruchika.
Relator term author.
245 ## - TITLE STATEMENT
Title Public relations and media/
Statement of responsibility, etc. Ruchika Gupta.
260 ## - PUBLICATION, DISTRIBUTION, ETC. (IMPRINT)
Place of publication, distribution, etc. New Delhi, India:
Name of publisher, distributor, etc. Random Publications,
Date of publication, distribution, etc. c2015.
300 ## - PHYSICAL DESCRIPTION
Extent 281 pages;
Dimensions 24 cm.
500 ## - GENERAL NOTE
General note Includes bibliographical references.
650 #0 - SUBJECT ADDED ENTRY--TOPICAL TERM
9 (RLIN) 17707
Topical term or geographic name as entry element Public relations.
942 ## - ADDED ENTRY ELEMENTS (KOHA)
Source of classification or shelving scheme Dewey Decimal Classification
Koha item type Circulation
Holdings
Withdrawn status Lost status Source of classification or shelving scheme Damaged status Not for loan Collection code Home library Current library Date acquired Source of acquisition Cost, normal purchase price Total Checkouts Full call number Barcode Date last seen Date last checked out Price effective from Koha item type
    Dewey Decimal Classification     Circulation UM Digos College - LIC UM Digos College - LIC 10/27/2016 Purchased 4850.00 5 DC 659.2 G95 2015 24535 05/15/2025 03/03/2017 11/21/2016 Circulation